Liedtext erkennen #12 - Statistiken

Allgemein
  • Dieses Quiz wurde 117 mal gespielt
  • Das Durchschnittsergebnis liegt bei 84 aus 200
Antwortstatistiken
Antwort % Korrekt
I
98%
a
97%
you
91%
the
79%
an
77%
love
76%
And
67%
and
67%
we
67%
We
67%
When
66%
when
66%
to
65%
me
60%
it
54%
go
51%
in
49%
my
46%
your
44%
have
43%
of
39%
for
38%
with
38%
Im
35%
cant
31%
just
31%
Just
31%
1981 Jahr
28%
get
28%
give
26%
time
25%
as
24%
know
24%
think
24%
like
23%
out
22%
head
21%
fall
19%
youre
19%
Every
18%
Its
18%
its
18%
enough
17%
baby
15%
down
15%
free
13%
angel
10%
Depeche Mode Interpret
9%
Just Can't Get Enough Lied
9%
walk
9%
seem
8%
set
6%
meet
5%
street
5%
getting
3%
slide
3%
slip
3%
rainbow
2%
burning
1%
hotter
1%
rains
1%
shining
1%
togehter
0%
walking
0%
Keine übereinstimmenden Quizze gefunden
Verteilung der Resultate
Anzahl Personen mit jedem Resultat
Perzentil nach korrekt beantworteten Fragen
Ihre Resultats-Entwicklung
Sie haben dieses Quiz noch nicht gespielt